Statistics for 2018 AFL Top 10 Average Disposals

Click here to take the quiz!

General Stats

  • This quiz has been taken 179 times
  • The average score is 5 of 10

Answer Stats

Disp/GamePlayer% Correct
35.83Tom Mitchell
92%
30.32Lachie Neale
67%
32.79Jack Mcrae
64%
29.78Clayton Oliver
63%
32.22Matt Crouch
43%
30.57Adam Treloar
42%
30.68Andrew Gaff
39%
32.20Rory Laird
31%
29.81Lachie Hunter
17%
30.10Sebastion Ross
14%

Score Distribution

Percentile by Number Answered

Percent of People with Each Score

Your Score History

You have not taken this quiz